| 000 | 00938cam a22003011 4500 | ||
|---|---|---|---|
| 001 | 8532 | ||
| 003 | FISKH | ||
| 005 | 20250918103154.0 | ||
| 008 | 790215s1965 njua j 000 1 eng | ||
| 010 | _a 65025244 | ||
| 035 | _a1224569 | ||
| 040 |
_aDLC _cDLC _dDLC _beng |
||
| 050 | _aPZ7.M6128 M | ||
| 082 | _a514 | ||
| 100 | 1 |
_aMiller, Edna, _d1920- |
|
| 245 | 1 | 0 |
_aMousekin's Christmas Eve. _cStory and pictures by Edna Miller. |
| 260 |
_aEnglewood Cliff : _bPrentice-Hall _c1965 |
||
| 300 |
_a32 unnumbered pages : _bcolor illustrations ; _c24 cm |
||
| 505 | _aN | ||
| 520 | _aA whitefoot mouse, searching for a new home on Christmas Eve, finds a peaceful and quiet place in a crèche. | ||
| 521 | 8 |
_a580
_bLexile estimate |
|
| 521 | 8 |
_aN
_bRaz-Plus |
|
| 650 | 1 |
_aChristmas _xFiction. |
|
| 650 | 1 |
_aMice _xFiction. |
|
| 906 |
_a7 _bcbc _corignew _d1 _eocip _f19 _gy-gencatlg |
||
| 942 |
_2ddc _cBK _n0 |
||
| 999 |
_c8532 _d8532 |
||